Principles of Corporate Finance / (Record no. 8828)
[ view plain ]
| 000 -LEADER | |
|---|---|
| fixed length control field | 00774ngc a22002051u 4500 |
| 008 - FIXED-LENGTH DATA ELEMENTS--GENERAL INFORMATION | |
| fixed length control field | 110706s2006 nyu|||||s|||| 00| 0 eng d |
| 020 ## - INTERNATIONAL STANDARD BOOK NUMBER | |
| International Standard Book Number | 007295731X |
| 020 ## - INTERNATIONAL STANDARD BOOK NUMBER | |
| International Standard Book Number | 9780072957310 |
| 082 ## - DEWEY DECIMAL CLASSIFICATION NUMBER | |
| Classification number | 658.15 |
| Item number | BRE |
| 100 ## - MAIN ENTRY--PERSONAL NAME | |
| Personal name | Brealey, Richard A. |
| 9 (RLIN) | 26213 |
| 245 ## - TITLE STATEMENT | |
| Title | Principles of Corporate Finance / |
| Remainder of title | Richard A. Brealey, Stewart C. Myers and Franklin Allen |
| 260 ## - PUBLICATION, DISTRIBUTION, ETC. (IMPRINT) | |
| Place of publication, distribution, etc | Boston: |
| Name of publisher, distributor, etc | McGraw-hill, 2006 |
| Date of publication, distribution, etc | c2006 |
| 300 ## - PHYSICAL DESCRIPTION | |
| Extent | 1 CD-ROM ; |
| Dimensions | (4 3/4 in.) |
| 650 ## - SUBJECT ADDED ENTRY--TOPICAL TERM | |
| Topical term or geographic name as entry element | Corporations |
| General subdivision | Finance. |
| 9 (RLIN) | 26214 |
| 653 ## - INDEX TERM--UNCONTROLLED | |
| -- | Eco |
| 700 ## - ADDED ENTRY--PERSONAL NAME | |
| Personal name | Myers, Stewart C. |
| 9 (RLIN) | 26215 |
| 700 ## - ADDED ENTRY--PERSONAL NAME | |
| Personal name | Allen, Franklin |
| 9 (RLIN) | 26216 |
| 942 ## - ADDED ENTRY ELEMENTS (KOHA) | |
| Item type | |
| Call number prefix | 658.15 BRE |
| Source of classification or shelving scheme | Dewey Decimal Classification |
| Withdrawn status | Lost status | Source of classification or shelving scheme | Damaged status | Not for loan | Home library | Current library | Shelving location | Date acquired | Source of acquisition | Total Checkouts | Full call number | Barcode | Date last seen | Koha item type |
|---|---|---|---|---|---|---|---|---|---|---|---|---|---|---|
| Dewey Decimal Classification | Central Library | Central Library | First floor | 06/07/2011 | 658.15BRE | 000010765 | 24/08/2022 | CD | DVD - (NB) |